000 00721nam a2200217 a 4500
001 13687
003 BD-JhCC
005 20240313212719.0
008 240313b2006 nyu |||| ||a| 001 0 eng d
020 _a 9780312355319
035 _a(BD-JhCC)13687
040 _aBD-JhCC
_dBD-JhCC
041 _aenglish
082 _a813.54
_bHED 2006
100 _a Hedrick,Larry
245 _aXenophon's Cyrus the Great :
_b The arts of leadership and war /
_cLarry Hedrick
260 _aLondon:
_b Truman Talley Books/Saint Martin's Press;
_c2006.
300 _a179 p, :
_bill;
_c22 cm
650 _a Cyrus, King of Persia Fiction
_xCyrus, the Great, King of Persia, -530 B.C. or 529
_zIran Kings and rulers Fiction
942 _2ddc
_cBK
999 _c13687
_d13687